Alumnos curiosos: preguntas para aprender y preguntas para enseñar
-д хадгалсан:
| Үндсэн зохиолч: | |
|---|---|
| Формат: | Ном |
| Хэл сонгох: | испани |
| Хэвлэсэн: |
Barcelona
Gedisa
1999
|
| Цуврал: | Biblioteca de Educación
|
| Нөхцлүүд: | |
| Шошгууд: |
Шошго нэмэх
Шошго байхгүй, Энэхүү баримтыг шошголох эхний хүн болох!
|
MARC
| LEADER | 00000nam a2200000 a 4500 | ||
|---|---|---|---|
| 001 | UCO7036 | ||
| 003 | CL-VaPUC | ||
| 008 | 001103e19990000SP |||||||||||||||||spa|d | ||
| 082 | 0 | 4 | |a 370.15 |b BAT |2 21 |
| 100 | 0 | |a Bateman, Walter L |e author |9 451670 | |
| 245 | 1 | 0 | |a Alumnos curiosos: preguntas para aprender y preguntas para enseñar |
| 300 | |a 253 p | ||
| 942 | |c BK | ||
| 945 | |d 20001103 00:00:00 |a rbrito | ||
| 260 | |a Barcelona |b Gedisa |c 1999 | ||
| 650 | 0 | |a Psicología del aprendizaje |9 306854 | |
| 650 | 0 | |a Métodos de enseñanza |9 270413 | |
| 583 | |a last modification |c 20001103 00:00:00 |k Rodrigo Vera | ||
| 490 | 0 | |a Biblioteca de Educación | |
| 999 | |c 292255 |d 292253 | ||
| 952 | |0 0 |1 0 |4 0 |6 370_150000000000000_BAT_1999 |7 0 |8 A |9 342990 |a BIBEDU |b BIBEDU |d 2019-11-20 |i 3659100 |o 370.15 BAT 1999 |p 3659100 |r 2019-11-20 |w 2019-11-20 |y BK |k PSI | ||